| 000 -LEADER |
| fixed length control field |
00605nam a22001457a 4500 |
| 003 - CONTROL NUMBER IDENTIFIER |
| control field |
OSt |
| 005 - DATE AND TIME OF LATEST TRANSACTION |
| control field |
20160323101145.0 |
| 008 - FIXED-LENGTH DATA ELEMENTS--GENERAL INFORMATION |
| fixed length control field |
160323b xxu||||| |||| 00| 0 eng d |
| 040 ## - CATALOGING SOURCE |
| Transcribing agency |
RUA |
| 082 ## - DEWEY DECIMAL CLASSIFICATION NUMBER |
| Classification number |
AGR SOU 2007 B470 Or.1 |
| 100 ## - MAIN ENTRY--PERSONAL NAME |
| 9 (RLIN) |
8136 |
| Personal name |
SOURNG SOPHEAKTRA; សួង សុភ័ក្រ្តា |
| 245 ## - TITLE STATEMENT |
| Title |
The dragon fruit production in banteay srey district, siem reap province, ផលិតកម្មដំណាំស្រកានាគ ក្នុងស្រុកបន្ទាយស្រី ខេត្តសៀមរាប |
| 300 ## - PHYSICAL DESCRIPTION |
| Extent |
xiii,37p. |
| Other physical details |
ill. |
| Dimensions |
29cm. |
| 942 ## - ADDED ENTRY ELEMENTS (KOHA) |
| Source of classification or shelving scheme |
|
| Koha item type |
AGR |